000 00383nam a2200157Ia 4500
008 221030s9999 xx 000 0 und d
020 _a8173191042
041 _aEnglish
082 _a105.23
_bBha
100 _aV. B. Bhatia
245 0 _aClassical Mechanics
_cby V. B. Bhatia
260 _bNarosa Pub House
_aNew Delhi
_c1997
300 _a355
650 _aMechanical
942 _cBK
999 _c3174
_d3174